000 00489pab a2200193 454500
008 180718b2001 xxu||||| |||| 00| 0 eng d
100 _aShyamasundar
245 _aRoad traffic accidents in India - an analysis
260 _c2001
300 _ap.77-86.
362 _aJul-Sep
650 _aTraffic - India
650 _aAccidents - India
650 _aTransport safety - India
650 _aTransport safety
700 _aBhat, B. Jayarama
773 _aNagarlok
909 _a52683
999 _c52683
_d52683